Farewell waltz /

Hlavní autor: Kundera, Milan, 1929-2023
Další autoři: Asher, Aaron, 1929-2008
Jazyk: Angličtina
Vydáno: New York : HarperOne, an imprint of HarperCollins Publishers, [1998]
Vydání: First edition
Témata:
Fyzický popis: 278 stran ; 21 cm
Knihy
Uloženo v:
LEADER 01601nam a2200409 i 4500
001 001849672
003 CZ BrMZK
005 20240117141047.0
007 ta
008 180629t19981998xxu g 000 f eng
020 |a 0-06-099700-1  |q (brožováno) 
040 |a BOA001  |b cze  |e rda 
041 1 |a eng  |k fre  |h cze 
072 7 |a 821.162.3-3  |x Česká próza  |2 Konspekt  |9 25 
080 |a 821.162.3-31  |2 MRF 
080 |a (0:82-31)  |2 MRF 
100 1 |a Kundera, Milan,  |d 1929-2023  |7 jk01070894  |4 aut 
240 1 0 |a Valčík na rozloučenou.  |l Anglicky  |7 aun2014837718 
245 1 0 |a Farewell waltz /  |c Milan Kundera ; translated from the French by Aaaron Asher 
250 |a First edition 
264 1 |a New York :  |b HarperOne, an imprint of HarperCollins Publishers,  |c [1998] 
264 4 |c ©1998 
300 |a 278 stran ;  |c 21 cm 
336 |a text  |b txt  |2 rdacontent 
337 |a bez média  |b n  |2 rdamedia 
338 |a svazek  |b nc  |2 rdacarrier 
500 |a Přeloženo z francouzského překladu českého originálu 
500 |a Obálkový podnázev: a novel 
655 7 |a české romány  |7 fd133974  |2 czenas 
655 9 |a Czech fiction  |2 eczenas 
700 1 |a Asher, Aaron,  |d 1929-2008  |7 xx0096978  |4 trl 
765 0 8 |i Název francouzského překladu:  |t Valse aux adieux  |9 Česky 
910 |a BOA001  |b KMK-0000.410 
990 |a BK 
991 |b 202303 
996 6 |b 261K000593  |c KMK-0000.410  |l MZK  |r K. M. Kundery - 1. patro  |n 0  |p dar  |h B/04-02.I,001  |w 001917534  |u 000010  |a 0  |e BOA001  |j MZK50  |s P 
996 6 |b 261K002137  |c KMK-0000.410  |l MZK  |r K. M. Kundery - 1. patro  |n 0  |p dar  |h B/04-02.I,002  |w 001917534  |u 000020  |a 0  |e BOA001  |j MZK50  |s P